000 00300nam a2200133Ia 4500
008 190216s9999||||xx |||||||||||||| ||und||
100 _aRay. M
245 2 _aA Text Book On Dynamics
250 _a10th Ed.
260 _bSulthan Chand &co
_c1977
300 _a318p
650 _aPhysics
942 _cBK
999 _c32819
_d32819